000 01184nam a2200313 i 4500
003 EG-GICUC
005 20260428175301.0
008 260428b1994 ku ad||fr|||| 00| 0 ara d
040 _a EG-GICUC
_bara
_c EG-GICUC
_d EG-GICUC
_erda
041 0 _aara
082 0 4 _221
_a345.451
_bب د . س
092 0 4 _221
099 _aLaw1 07 345.451 ب د . س 1994
100 0 _aبدرية جاسر الصالح
_eمؤلف.
245 1 0 _aسلطة التأديب في قوانين التوظف بالكويت /
_cد. بدرية جاسر الصالح.
264 1 _aالكويت :
_bكلية الحقوق-جامعة الكويت،
_c1994.
300 _a125 صفحة :
_b؛ إيضاحيات:جداول
_c24 سم.
336 _2rda content
_atext
337 _2rda media
_aComputer
338 _2rda carrier
_aOnline Resource
504 _aيشتمل على إرجاعات ببليوجرافية.
504 _aببليوجرافيا:صفحات123-125
546 _aالنص باللغة العربية
650 1 4 _aالقانون الاداري
_2qrmak
651 1 _2qrmak
856 4 0 _uhttps://fll.law.cu.edu.eg/fulltext/bks/B07-01656.pdf
905 _a47
942 _2ddc
_cBK
_e21
_n0
999 _c73939
_d73939